Landmarks of Countries #2 - Statistics

General Stats
  • This quiz has been taken 54,136 times
    34,973 since last reset
  • The average score is 15 of 22
Answer Stats
Landmark Country % Correct
Eiffel Tower France
100%
The Grand Canyon United States
99%
Mount Fuji Japan
96%
Stonehenge United Kingdom
96%
Brandenburg Gate Germany
90%
Parthenon Greece
90%
Uluru Australia
82%
Pantheon (original) Italy
82%
Sognefjord Norway
79%
Teotihuacan Mexico
78%
Little Mermaid Statue Denmark
75%
Sagrada Familia Spain
74%
Luxor Temple Egypt
67%
Angel Falls Venezuela
64%
Krakatoa Indonesia
60%
Blue Mosque Turkey
58%
Palm Islands United Arab Emirates
50%
Lotus Temple India
46%
Persepolis Iran
45%
Moraine Lake Canada
36%
The Merlion Fountain Singapore
25%
Potala Palace China
23%
No matching quizzes found
Score Distribution
Percent of People with Each Score
Percentile by Number Answered
Your Score History
You have not taken this quiz since the last reset